000 00311nam a22001217a 4500
020 _a9788120330832
082 _222
_a690
100 _aVarghese, P. C.
245 _aBuilding construction /
260 _aNew Delhi,
_bPrentice Hall,
_cc2007.
300 _axxiii, 448 p. ;
_bill. ;
_c23 cm.
942 _2ddc
_cCIVIL
_021
999 _c1951
_d1951